HammerFall Songs - Statistics

General Stats
  • This quiz has been taken 6 times
    5 since last reset
  • The average score is 45 of 137
Answer Stats
Answer % Correct
Crimson Thunder Crimson Thunder
100%
Glory to the Brave Glory to the Brave
100%
Glory to the Brave HammerFall
100%
Legacy of Kings Heeding the Call
100%
Legacy of Kings Legacy of Kings
100%
Renegade Renegade
100%
(r)Evolution (r)Evolution
100%
Glory to the Brave Stone Cold
100%
Glory to the Brave The Dragon Lies Bleeding
100%
Threshold Threshold
100%
Avenge the Fallen Avenge the Fallen
80%
Chapter V: Unbent, Unbowed, Unbroken Blood Bound
80%
Dominion Dominion
80%
Hammer of Dawn Hammer of Dawn
80%
Crimson Thunder Hearts on Fire
80%
Glory to the Brave I Believe
80%
No Sacrifice, No Victory No Sacrifice, No Victory
80%
Glory to the Brave Steel Meets Steel
80%
Renegade Templars of Steel
80%
Renegade Always Will Be
60%
No Sacrifice, No Victory Any Means Necessary
60%
Built to Last Built to Last
60%
Built to Last Hammer High
60%
(r)Evolution Hector's Hymn
60%
Crimson Thunder Hero's Return
60%
Renegade Keep the Flame Burning
60%
Chapter V: Unbent, Unbowed, Unbroken Knights of the 21st Century
60%
Legacy of Kings Let the Hammer Fall
60%
(r)Evolution Live Life Loud
60%
Infected Patient Zero
60%
Crimson Thunder Riders of the Storm
60%
Chapter V: Unbent, Unbowed, Unbroken Secrets
60%
Glory to the Brave The Metal Age
60%
Renegade The Way of the Warrior
60%
Threshold Titan
60%
Renegade A Legend Reborn
40%
Legacy of Kings At the End of the Rainbow
40%
No Sacrifice, No Victory Between Two Worlds
40%
Hammer of Dawn Brotherhood
40%
Infected B.Y.H.
40%
Built to Last Dethrone and Defy
40%
Infected Dia De Los Muertos
40%
(r)Evolution Evil Incarnate
40%
Chapter V: Unbent, Unbowed, Unbroken Fury of the Wild
40%
Avenge the Fallen Hail to the King
40%
No Sacrifice, No Victory My Sharona
40%
Threshold Natural High
40%
Chapter V: Unbent, Unbowed, Unbroken Never, Ever
40%
Hammer of Dawn Not Today
40%
No Sacrifice, No Victory One of a Kind
40%
No Sacrifice, No Victory Punish and Enslave
40%
Infected Redemption
40%
Legacy of Kings Remember Yesterday
40%
Hammer of Dawn Reveries
40%
Dominion Scars of a Generation
40%
Infected Send Me a Sign
40%
(r)Evolution Tainted Metal
40%
Legacy of Kings The Fallen One
40%
Infected The Outlaw
40%
Built to Last The Sacred Vow
40%
Chapter V: Unbent, Unbowed, Unbroken The Templar Flame
40%
Crimson Thunder The Unforgiving Blade
40%
Crimson Thunder Trailblazers
40%
Hammer of Dawn Venerate Me
40%
(r)Evolution We Won't Back Down
40%
(r)Evolution Wildfire
40%
(r)Evolution Winter Is Coming
40%
Legacy of Kings Back to Back
20%
Dominion Bloodline
20%
Threshold Carved in Stone
20%
Glory to the Brave Child of the Damned
20%
Legacy of Kings Dreamland
20%
Crimson Thunder Dreams Come True
20%
Threshold Genocide
20%
No Sacrifice, No Victory Hallowed Be My Name
20%
Chapter V: Unbent, Unbowed, Unbroken Hammer of Justice
20%
Chapter V: Unbent, Unbowed, Unbroken Imperial
20%
Crimson Thunder In Memoriam
20%
No Sacrifice, No Victory Legion
20%
Dominion Never Forgive, Never Forget
20%
Built to Last New Breed
20%
Hammer of Dawn No Son of Odin
20%
Dominion One Against the World
20%
Infected One More Time
20%
Renegade Raise the Hammer
20%
Built to Last Second to None
20%
Dominion Second to One
20%
Legacy of Kings Stronger than All
20%
Built to Last Twilight Princess
20%
Glory to the Brave Unchained
20%
Legacy of Kings Warriors of Faith
20%
Dominion (We Make) Sweden Rock
20%
Infected 666 - The Enemy Within
0%
Dominion And Yet I Smile
0%
Crimson Thunder Angel of Mercy
0%
Dominion Battleworn
0%
Chapter V: Unbent, Unbowed, Unbroken Born to Rule
0%
Built to Last Bring It!
0%
No Sacrifice, No Victory Bring the Hammer Down
0%
Avenge the Fallen Burn It Down
0%
(r)Evolution Bushiod
0%
Avenge the Fallen Capture the Dream
0%
Dominion Chain of Command
0%
Threshold Dark Wings, Dark Words
0%
Dominion Dead by Dawn
0%
Renegade Destined for Glory
0%
(r)Evolution Ex Inferis
0%
Avenge the Fallen Freedom
0%
Avenge the Fallen Hero to All
0%
Avenge the Fallen Hope Springs Eternal
0%
Threshold Howlin' with the 'Pac
0%
Infected Immortalized
0%
Infected I Refuse
0%
Infected Let's Get It On
0%
No Sacrifice, No Victory Life Is Now
0%
Hammer of Dawn Live Free or Die
0%
Renegade Living in Victory
0%
Crimson Thunder Lore of the Arcane
0%
Avenge the Fallen Night Terrors
0%
Hammer of Dawn No Mercy
0%
Crimson Thunder On the Edge of Honour
0%
(r)Evolution Origins
0%
Threshold Rebel Inside
0%
Threshold Reign of the Hammer
0%
Avenge the Fallen Rise of Evil
0%
Threshold Shadow Empire
0%
No Sacrifice, No Victory Something for the Ages
0%
Hammer of Dawn State of the W.I.L.D.
0%
Built to Last Stormbreaker
0%
Chapter V: Unbent, Unbowed, Unbroken Take the Black
0%
Dominion Testify
0%
Renegade The Champion
0%
Avenge the Fallen The End Justifies
0%
Threshold The Fire Burns Forever
0%
Built to Last The Star of Home
0%
Avenge the Fallen Time Immemorial
0%
Hammer of Dawn Too Old to Die Young
0%
No matching quizzes found
Score Distribution
Percent of People with Each Score
Percentile by Number Answered
Your Score History
You have not taken this quiz since the last reset